000 00653nam a2200205Ii 4500
003 JO-AjNU
008 230605s9999||||xx |||||||||||||| ||und||
040 _aJO-AjNU
_bara
_erda
_cJO-AjNU
041 _aara
050 1 4 _aBF57 .S4.1986
100 3 _aشيخاني، سمير,
_eauthor
_938487
245 0 0 _aسبيلك الى السعادة والنجاح
250 _aط5
264 3 1 _aبيروت:منشورات دار الافاق الجديدة ،1986
300 _a326ص
336 _atext
_btxt
_2rdacontent
337 _aunmediated
_bn
_2rdamedia
338 _avolume
_bnc
_2rdacarrier
650 4 _aعلم النفس الاجتماعي
_938488
999 _aA16174
_c19742
_d19742